Journal of Environmental Science & Engineering (Record no. 132934)

MARC details
000 -LEADER
fixed length control field 00477nam a2200145Ia 4500
008 - FIXED-LENGTH DATA ELEMENTS--GENERAL INFORMATION
fixed length control field 211122s9999||||xx |||||||||||||| ||und||
082 ## - DEWEY DECIMAL CLASSIFICATION NUMBER
Classification number 333.714
Item number DEV-J
100 ## - MAIN ENTRY--PERSONAL NAME
Personal name Devotta, Sukumar
245 #0 - TITLE STATEMENT
Title Journal of Environmental Science & Engineering
260 ## - PUBLICATION, DISTRIBUTION, ETC.
Name of publisher, distributor, etc. National Environmental Engineering Research Institute
Place of publication, distribution, etc. Nagpur
Date of publication, distribution, etc. 2005
300 ## - PHYSICAL DESCRIPTION
Extent 163
630 ## - SUBJECT ADDED ENTRY--UNIFORM TITLE
General subdivision Post Graduate Reference
650 ## - SUBJECT ADDED ENTRY--TOPICAL TERM
Topical term or geographic name entry element Social Sciences
942 ## - ADDED ENTRY ELEMENTS (KOHA)
Koha item type BOOK
650 ## - SUBJECT ADDED ENTRY--TOPICAL TERM
Form subdivision EconomicsEconomics of land & energyBotany
Holdings
Withdrawn status Lost status Damaged status Not for loan Home library Current library Date acquired Cost, normal purchase price Total Checkouts Full call number Barcode Shelving location Date last seen Price effective from Koha item type
        SB LIBRARY SB LIBRARY 22/11/2021 150.00   333.714 DEV-J 00115344 POST GRADUATE REFERENCE 22/11/2021 22/11/2021 BOOK

Powered by Koha